<?xml version="1.0" encoding="UTF-8"?><?xml-stylesheet type="text/xsl" href="static/style.xsl"?><OAI-PMH xmlns="http://www.openarchives.org/OAI/2.0/" xmlns:xsi="http://www.w3.org/2001/XMLSchema-instance" xsi:schemaLocation="http://www.openarchives.org/OAI/2.0/ http://www.openarchives.org/OAI/2.0/OAI-PMH.xsd"><responseDate>2026-04-18T00:32:56Z</responseDate><request verb="GetRecord" identifier="oai:www.recercat.cat:10459.1/84173" metadataPrefix="marc">https://recercat.cat/oai/request</request><GetRecord><record><header><identifier>oai:recercat.cat:10459.1/84173</identifier><datestamp>2024-12-04T13:01:00Z</datestamp><setSpec>com_2072_3622</setSpec><setSpec>col_2072_478537</setSpec></header><metadata><record xmlns="http://www.loc.gov/MARC21/slim" xmlns:dcterms="http://purl.org/dc/terms/" xmlns:xsi="http://www.w3.org/2001/XMLSchema-instance" xmlns:doc="http://www.lyncode.com/xoai" xsi:schemaLocation="http://www.loc.gov/MARC21/slim http://www.loc.gov/standards/marcxml/schema/MARC21slim.xsd">
   <leader>00925njm 22002777a 4500</leader>
   <datafield ind2=" " ind1=" " tag="042">
      <subfield code="a">dc</subfield>
   </datafield>
   <datafield ind2=" " ind1=" " tag="720">
      <subfield code="a">Muñoz Méndez, Raquel</subfield>
      <subfield code="e">author</subfield>
   </datafield>
   <datafield ind2=" " ind1=" " tag="260">
      <subfield code="c">2022-11-10T11:31:58Z</subfield>
   </datafield>
   <datafield ind2=" " ind1=" " tag="260">
      <subfield code="c">2022-11-10T11:31:58Z</subfield>
   </datafield>
   <datafield ind2=" " ind1=" " tag="260">
      <subfield code="c">2022-09</subfield>
   </datafield>
   <datafield ind2=" " ind1=" " tag="520">
      <subfield code="a">En aquest treball de final de grau es mostra el disseny i la construcció d’una maqueta i la seva automatització per a simular un procés industrial, específicament la fabricació de sabons comercials en base aigua a partir de tensioactius. Aquesta maqueta serà utilitzada per a la realització a posteriori de pràctiques al Campus d’Igualada de la Universitat de Lleida simulant diversos processos industrials que es programin.&#xd;
El procés industrial a simular, és un procés de fabricació de sabó comercial. És un tipus de sabó en base aigua a partir de tensioactius vegetals. La simulació física en el nostre cas es realitzarà amb aigua tintada de diferents colors per a distingir les diferents etapes del procés.&#xd;
Per a la seva automatització farem ús d’un autòmat industrial. En aquest, s’han implementat les seqüències d’ordres pertinents per a simular el procés desitjat mitjançant el programa Connected Components Workbench (CCW). Per a elaborar aquesta implementació s’han realitzat les calibracions dels diferents components i s’ha estudiat els cabals i funcionament de les electrovàlvules i bombes utilitzades.</subfield>
   </datafield>
   <datafield ind2=" " ind1=" " tag="520">
      <subfield code="a">In this work, the design and construction of a model and its automation to simulate an industrial process, specifically the manufacture of water-based commercial soaps with surfactans, is shown. This model will be used for the subsequent realization of practices at the Campus d'Igualada of the University of Lleida simulating various industrial processes that will be programmed.&#xd;
The industrial process to be simulated is a commercial manufacturing process. It is a type of comercial soap. Is formulated with a water base and vegetable surfactants. The physical simulation in our case is carried out with water tinted with different colors to distinguish the different stages of the process.&#xd;
For this automatition we use a PLC automated. On it, the relevant sequences of orders have been implemented to simulate the process using the Connected Components Workbench (CCW) program. To develop this implementation, its performed the calibrations of the different components and have studied the details and operation of the solenoid valves and utility pumps.</subfield>
   </datafield>
   <datafield ind1="8" ind2=" " tag="024">
      <subfield code="a">http://hdl.handle.net/10459.1/84173</subfield>
   </datafield>
   <datafield tag="653" ind2=" " ind1=" ">
      <subfield code="a">Automatització</subfield>
   </datafield>
   <datafield tag="653" ind2=" " ind1=" ">
      <subfield code="a">Procés industrial</subfield>
   </datafield>
   <datafield tag="653" ind2=" " ind1=" ">
      <subfield code="a">Sabó</subfield>
   </datafield>
   <datafield tag="653" ind2=" " ind1=" ">
      <subfield code="a">Cosmètica</subfield>
   </datafield>
   <datafield ind2="0" ind1="0" tag="245">
      <subfield code="a">Simulació d’un procés industrial en una maqueta automatitzada</subfield>
   </datafield>
</record></metadata></record></GetRecord></OAI-PMH>